000 00489nam a2200181Ia 4500
005 20250508152515.0
008 008 250505s9999 xx 000 0 hin d
037 _aTextual
040 _aFEDL
_beng
_cFEDL
041 _ahin
_2eng
084 _a891.43, UDA
_qFEDL
100 _aUdya Bhanu Singh
_9761647
245 0 _aMeri bhasa. Part 8
260 _aDelhi, India
_bViswa Bharti Prakashan
300 _a299p.
942 _cTEXL
_h891.43, UDA
999 _c1336870
_d1336870